Statistics for Countries On the Equator

Click here to take the quiz!

General Stats

  • This quiz has been taken 32 times
  • The average score is 10 of 13

Answer Stats

HintAnswer% Correct
Brazil
100%
Kenya
97%
Indonesia
93%
Colombia
90%
Ecuador
90%
Gabon
76%
Somalia
76%
Uganda
76%
Maldives
66%
Sao Tome
62%
Kiribati
59%
Democratic Republic of the Congo
48%
Republic of the Congo
45%

Score Distribution

Percentile by Number Answered

Percent of People with Each Score

Your Score History

You have not taken this quiz